| 000 | 00536nam a22001817a 4500 | ||
|---|---|---|---|
| 999 |
_c3052 _d3052 |
||
| 003 | AR-CdUCM | ||
| 008 | 190305b ||||| |||| 00| 0 spa d | ||
| 040 |
_aMUNICIPALIDAD PROVINCIAL DEL CUSCO _cBIBLIOTECA MUNICIPAL DEL CUSCO |
||
| 082 |
_a869.56 / L26 _bL26 |
||
| 100 |
_aLarrea, Juan _910368 |
||
| 245 | _aLa Religión del Lenguaje Español / | ||
| 260 |
_aLima : _bUNMS, _c1951 |
||
| 300 |
_a39 páginas. : _c21 cm. |
||
| 500 | _aDonación Familia Nieto | ||
| 650 |
_aNarrativa peruana _9226 |
||
| 942 |
_2ddc _cLIBROS |
||
| 945 | _araen | ||